00662 a2200181 45000050016000000200023000160350013000390370045000520820008000971000022001052450098001272500033002252600031002582700090002893000031003795000024004105000046004342011062305045.0 a8121910366c295.00 aB-210648 bRP-ZLS-2687 / UBH-07-08:2 / RP-07-08:ENG14a3011 aShankar Rao, C.N.1 aSociologybprincipal of sociology with an introduction to social thoughtcby C.N. Shankar Rao a6th rev ed & reprint in 2007 aNew DelhibS. Chandc2007r a7631, Ram Nagar,bNew DelhicDelhie110055k23672080l91-11-23677446mschand@vsnl.com axiv, 891, 4 pc24 cm (pbk) ainclude biblography a revised &reprint of 6th edition in 2007